000
00339 a2200157 4500
001
165237
020
_a
040
_c
Magnum
100
_a
Vasconcellos, Meiga
240
1
0
_a
Futebol pe-de-moleque
_l
por
245
1
0
_a
Futebol pe-de-moleque
362
0
_a
1899
440
1
_a
Dimensão
697
_a
IJ/SOCIEDADE COTIDIANO
942
_c
BK
999
_c
165237
_d
165237